| 000 | 00768nam a2200217Ia 4500 | ||
|---|---|---|---|
| 999 |
_c39335 _d39335 |
||
| 001 | 5921 | ||
| 003 | GE_BSU | ||
| 005 | 20190822095544.0 | ||
| 008 | 181216s1977||||ge |||||||||||||| ||geo|| | ||
| 040 | _cGE_BSU | ||
| 041 | _ageo | ||
| 080 | _a821.353.1-31 ა-13 | ||
| 100 |
_aაბაშიძე, გრიგოლ _91383 |
||
| 245 |
_aყორნალი ნაწ. I : _bრომანი / _cგრიგოლ აბაშიძე ; რედ. გ. ჩიქოვანი. |
||
| 264 |
_aთბილისი : _bმერანი ; _c1977. |
||
| 300 |
_a335 გვ. ; _c20 სმ |
||
| 653 | _aყორნალი | ||
| 653 | _aრომანი | ||
| 700 |
_aჩიქოვანი, გ. _eრედაქტორი _93734 |
||
| 942 |
_cBK _2udc |
||